[Event "Mistrzostwa Polski Juniorow do lat 18 - Dziewczeta"]
[Site "Szklarska Poreba"]
[Date "1899-12-30"]
[Round "1.1"]
[White "Waszczuk, Patrycja"]
[Black "Tarka, Aleksandra"]
[Result "1-0"]
[WhiteTitle "WFM"]
[BlackTitle "I++"]
[WhiteElo "2271"]
[BlackElo "1706"]

1. e4 c5 2. Nc3 a6 3. g3 b5 4. Bg2 Bb7 5. d3 d6 6. f4 g6 7. Nf3 Bg7 8. O-O Nc6
9. f5 Nf6 10. Nd5 O-O 11. Nxf6+ Bxf6 12. c3 d5 13. exd5 Qxd5 14. Ng5 Qd8 15. Ne4
Bg7 16. Nxc5 Bd4+ 17. cxd4 Qxd4+ 18. Rf2 Qxc5 19. Bh6 Rfc8 20. fxg6 hxg6 21. d4
Qb6 22. Qg4 Nd8 23. Re1 Bxg2 24. Rxe7 Qc6 25. d5 Bxd5 26. Qd4 Qc1+ 27. Bxc1 Rxc1+
28. Rf1 Rxf1+ 29. Kxf1 Bc4+ 30. Kf2 Ne6 31. Qf6 Nc5 32. Qc6 Nd3+ 33. Ke3 Rf8 34.
Re8 Nxb2 35. Rxf8+ Kxf8 36. Qd6+ Kg8 37. Qxa6 Na4 38. Kd4 Kg7 39. Ke5 Nc5 40.
Qf6+ Kh7 41. Qe7 Nd3+ 42. Kd4 Nb2 43. a3 Kg7 44. h4 Na4 45. Ke5 Nc3 46. Qf6+ Kh7
47. g4 Be6 48. Qf3 Na4 49. Qd3 Bc4 50. Qd4 Kg7 51. Kd6+ Kh7 52. Ke7 Be6 53. Kf8
1-0

[Event "Mistrzostwa Polski Juniorow do lat 18 - Dziewczeta"]
[Site "Szklarska Poreba"]
[Date "1899-12-30"]
[Round "1.2"]
[White "Budkiewicz, Magdalena"]
[Black "Malicka, Maria"]
[Result "1/2-1/2"]
[WhiteTitle "I++"]
[BlackTitle "WCM"]
[WhiteElo "1702"]
[BlackElo "2237"]

1. e4 c5 2. Nf3 d6 3. d4 cxd4 4. Nxd4 Nf6 5. Nc3 a6 6. Be2 e5 7. Nb3 Be7 8. O-O
O-O 9. Kh1 b5 10. a4 Bb7 11. Nd5 Nxe4 12. Bf3 f5 13. axb5 axb5 14. Rxa8 Bxa8 15.
Qd3 Nd7 16. Qxb5 Ndf6 17. Nb6 Qb8 18. Be2 d5 19. c4 Nd6 20. Qa6 dxc4 21. Bxc4+
Kh8 22. Nxa8 Qxa8 23. Qxa8 Rxa8 24. Be6 g6 25. Re1 e4 26. Bf4 Nfe8 27. Nc5 Bf6
28. b4 Kg7 29. g3 Bc3 30. Rb1 Rb8 31. Rb3 Bd4 32. Kg2 Bf6 33. Bd7 g5 34. Bxe8
gxf4 35. Bc6 f3+ 36. Kh3 Kf7 37. Nd7 Rc8 38. Nxf6 Rxc6 39. Nd5 Nc4 40. g4 Rh6+
41. Kg3 fxg4 42. Kxg4 Rxh2 43. Rc3 Nd6 44. Rc7+ Ke6 45. Nf4+ Kf6 46. Rc6 Ke7 47.
Kg3 Rh1 48. b5 Rg1+ 49. Kh2 Rg4 50. Nd5+ Ke6 51. Ne3 Rg6 52. b6 Rg8 53. Nc4 Kd5
54. Rxd6+ Kxc4 55. b7 Kc5 56. Rd7 Kb6 57. Rxh7 Ka7 58. Re7 Rg2+ 59. Kh3 Rxf2 60.
Rxe4 Kxb7 61. Kg3 1/2-1/2

[Event "Mistrzostwa Polski Juniorow do lat 18 - Dziewczeta"]
[Site "Szklarska Poreba"]
[Date "1899-12-30"]
[Round "1.3"]
[White "Kucharska, Honorata"]
[Black "Orlik, Sandra"]
[Result "1-0"]
[WhiteTitle "WFM"]
[BlackTitle "I++"]
[WhiteElo "2143"]
[BlackElo "1678"]

1. e4 c5 2. Nf3 d6 3. d4 cxd4 4. Nxd4 Nf6 5. Nc3 a6 6. Be2 Nc6 7. O-O e6 8. Be3
Be7 9. f4 Qc7 10. Kh1 Nxd4 11. Qxd4 e5 12. Qd3 b5 13. fxe5 dxe5 14. Nd5 Qc6 15.
a4 b4 16. Nxe7 Kxe7 17. Bg5 h6 18. Bxf6+ gxf6 19. Qf3 h5 20. Bc4 Rb8 21. Bd5 Qd6
22. h3 a5 23. Rad1 Bg4 24. Qf2 Bxd1 25. Rxd1 Qb6 26. Qe2 Rbd8 27. Rf1 h4 28. Qc4
Rh7 29. c3 bxc3 30. bxc3 Rg7 31. Qa2 Rb8 32. Qc4 Rbg8 33. Rg1 Rg3 34. Kh2 Rxh3+
35. Kxh3 Qe3+ 36. Kh2 Qg3+ 37. Kh1 Rg7 38. Qc7+ 1-0

[Event "Mistrzostwa Polski Juniorow do lat 18 - Dziewczeta"]
[Site "Szklarska Poreba"]
[Date "1899-12-30"]
[Round "1.4"]
[White "Choinska, Debora"]
[Black "Harazinska, Magdalena"]
[Result "0-1"]
[WhiteTitle "I++"]
[BlackTitle "WFM"]
[WhiteElo "1668"]
[BlackElo "2099"]

1. e4 c5 2. Nf3 e6 3. d4 cxd4 4. Nxd4 Nf6 5. Bd3 Nc6 6. Nxc6 bxc6 7. Qe2 d6 8.
O-O e5 9. Kh1 Be7 10. f4 Nd7 11. Nc3 O-O 12. Be3 Bf6 13. Bc4 exf4 14. Bxf4 Ne5
15. Bxe5 Bxe5 16. Qf2 Qe7 17. Rad1 Be6 18. Bb3 Rad8 19. Rd3 Bxb3 20. axb3 Rd7
21. Qf5 g6 22. Qg4 Qe6 23. Qxe6 fxe6 24. Rxf8+ Kxf8 25. g3 Ke7 26. Kg2 Rc7 27.
Kf3 Bxc3 28. Rxc3 Kf6 29. Ke3 Ke5 30. Rd3 Rf7 31. Rd1 Rb7 32. Re1 Rb4 33. Kd3
Rd4+ 34. Kc3 Rxe4 35. Ra1 Re2 36. Rxa7 Rxh2 37. Kd3 h6 38. Ra5+ d5 39. Ra6 c5
40. Rc6 Rg2 41. Rxc5 Rxg3+ 42. Ke2 h5 43. Kf2 h4 44. Rc8 g5 45. b4 g4 46. b5 Rf3+
47. Kg1 Rf7 48. Rg8 Kf4 49. b3 Kg3 50. Re8 h3 51. Rh8 d4 52. Rh5 e5 53. b6 e4
54. b7 Rxb7 55. Re5 h2+ 56. Kh1 Rf7 57. Rxe4 Rf1# 0-1

[Event "Mistrzostwa Polski Juniorow do lat 18 - Dziewczeta"]
[Site "Szklarska Poreba"]
[Date "1899-12-30"]
[Round "1.5"]
[White "Kalinowska, Zuzanna"]
[Black "Wolagiewicz, Kinga"]
[Result "1-0"]
[WhiteTitle "WFM"]
[BlackTitle "I"]
[WhiteElo "2089"]
[BlackElo "1633"]

1. d4 Nf6 2. c4 e6 3. Nc3 d5 4. Nf3 c6 5. Bg5 Nbd7 6. e3 Qa5 7. Bxf6 Nxf6 8. Nd2
Bb4 9. Qc2 O-O 10. Bd3 Re8 11. O-O e5 12. cxd5 Bxc3 13. Qxc3 Qxd5 14. dxe5 Qxe5
15. Qxe5 Rxe5 16. Nf3 Re7 17. Rfc1 Be6 18. Nd4 Bd5 19. b4 Rc8 20. Rc2 g6 21. Rac1
a6 22. a4 Nd7 23. Rc3 Nb6 24. a5 Nd7 25. Ne2 Kg7 26. Nf4 Nf6 27. Rc5 Rd8 28. Be2
Red7 29. f3 Bb3 30. R5c3 Ba2 31. e4 Rd4 32. Nd3 Be6 33. Kf2 Ne8 34. Ke3 Nc7 35.
R3c2 Bc8 36. Rc4 Nb5 37. Rxd4 Nxd4 38. Bd1 Be6 39. Ba4 Bb3 40. Bxb3 Nxb3 41. Rc3
Nd4 42. Nc5 Ne6 43. Nxe6+ fxe6 44. Rd3 Rf8 45. f4 Rf7 46. Rd8 Re7 47. Kd4 Kf6
48. g3 h6 49. h3 g5 50. e5+ Kg7 51. Ke4 gxf4 52. gxf4 Kg6 53. Rg8+ Kf7 54. Rd8
Kg6 55. Rd6 Kg7 56. f5 exf5+ 57. Kxf5 Rf7+ 58. Rf6 Rd7 59. Rg6+ Kh7 60. Rg3 1-0

[Event "Mistrzostwa Polski Juniorow do lat 18 - Dziewczeta"]
[Site "Szklarska Poreba"]
[Date "1899-12-30"]
[Round "1.6"]
[White "Polak, Sylwia"]
[Black "Rudzinska, Michalina"]
[Result "0-1"]
[WhiteTitle "I++"]
[BlackTitle "WFM"]
[WhiteElo "1629"]
[BlackElo "2083"]

1. d4 Nf6 2. c4 e6 3. Nc3 c5 4. d5 exd5 5. cxd5 d6 6. e4 g6 7. h3 Bg7 8. Nf3 O-O
9. Be2 Re8 10. Nd2 a6 11. a4 Nbd7 12. O-O Rb8 13. Qc2 Qc7 14. a5 b5 15. axb6 Nxb6
16. Re1 Nfd7 17. Nf3 c4 18. Bf4 Nc5 19. Bf1 Bd7 20. Nd2 Bb5 21. Rac1 Qd7 22. Qd1
Nba4 23. Nxa4 Bxa4 24. Qf3 Bxb2 25. Rxc4 Be5 26. Bxe5 Rxe5 27. Qc3 Ree8 28. Rb4
Bb5 29. Reb1 Rb7 30. Bxb5 axb5 31. Qf6 Reb8 32. Nf3 Na6 33. Rd4 Qe7 34. Qf4 f6
35. h4 b4 36. h5 b3 37. hxg6 hxg6 38. Nh4 Qe5 39. Qxe5 fxe5 40. Rc4 Nc5 41. Kf1
Ra8 42. Nf3 Ra2 43. Rc3 b2 44. Nd2 Ra1 45. Ke2 Nxe4 0-1

[Event "Mistrzostwa Polski Juniorow do lat 18 - Dziewczeta"]
[Site "Szklarska Poreba"]
[Date "1899-12-30"]
[Round "1.7"]
[White "Sowa, Wiktoria"]
[Black "Roszkiewicz, Anna"]
[Result "1-0"]
[WhiteTitle "WFM"]
[BlackTitle "I++"]
[WhiteElo "2053"]
[BlackElo "1624"]

1. e4 c6 2. d4 d5 3. exd5 cxd5 4. c4 Nf6 5. Nc3 e6 6. Nf3 Bb4 7. cxd5 Nxd5 8. Bd2
O-O 9. Bd3 h6 10. O-O Nc6 11. Re1 Nf6 12. Bf4 a6 13. a3 Be7 14. Bc2 b5 15. Qd3
Nb8 16. d5 e5 17. Bxe5 Nbd7 18. Rad1 Nc5 19. Qd4 Bd6 20. b4 Bxe5 21. Nxe5 Ncd7
22. Ne4 Nxe5 23. Qxe5 Nxe4 24. Bxe4 Bb7 25. d6 Bxe4 26. Rxe4 Re8 27. Qd5 Rxe4
28. Qxe4 Rb8 29. Qc6 Rb6 30. Qc7 Rb8 31. h3 Kf8 32. Qc6 Rb6 33. Qc5 Rb8 34. Re1
Rc8 35. Qf5 g6 36. Qf4 Kg7 37. Re7 Qf8 38. Qe5+ Kh7 39. d7 Rd8 40. Re8 1-0

[Event "Mistrzostwa Polski Juniorow do lat 18 - Dziewczeta"]
[Site "Szklarska Poreba"]
[Date "1899-12-30"]
[Round "1.8"]
[White "Giefert, Sara"]
[Black "Moscicka, Pola"]
[Result "1/2-1/2"]
[WhiteTitle "I+"]
[BlackTitle "k++"]
[WhiteElo "1624"]
[BlackElo "2050"]

1. Nf3 Nf6 2. b3 e6 3. Bb2 d5 4. e3 Be7 5. Ne5 O-O 6. Bd3 c5 7. O-O b6 8. f4 Bb7
9. Qf3 Nc6 10. Qh3 Nb4 11. a3 Nxd3 12. Nxd3 d4 13. Ne5 Rc8 14. d3 dxe3 15. Qxe3
Nd5 16. Qe2 Qc7 17. g3 b5 18. Nd2 Rfd8 19. Rae1 Nf6 20. Ndf3 c4 21. dxc4 Bc5+
22. Kg2 Ne4 23. Rd1 f6 24. Nd3 bxc4 25. Nxc5 Qxc5 26. b4 Qc7 27. Bd4 c3 28. Kg1
Qc6 29. b5 Qc7 30. a4 Bd5 31. Qe3 Qc4 1/2-1/2

[Event "Mistrzostwa Polski Juniorow do lat 18 - Dziewczeta"]
[Site "Szklarska Poreba"]
[Date "1899-12-30"]
[Round "1.9"]
[White "Czarniecka, Aleksandra"]
[Black "Karlyk, Maria"]
[Result "1-0"]
[WhiteTitle "k"]
[BlackTitle "I"]
[WhiteElo "2040"]
[BlackElo "1603"]

1. e4 c5 2. Nf3 e6 3. Nc3 Nc6 4. d4 cxd4 5. Nxd4 Bb4 6. Ndb5 a6 7. Nd6+ Bxd6 8.
Qxd6 Qe7 9. Bf4 e5 10. Qxe7+ Ngxe7 11. Be3 b5 12. O-O-O Bb7 13. f3 Rc8 14. Kb1
Na5 15. Rd6 Rc6 16. Rxc6 Naxc6 17. a3 O-O 18. Be2 d6 19. Rd1 Rd8 20. Bb6 Rd7 21.
Bf1 Nc8 22. Bf2 N6e7 23. Nd5 Nxd5 24. exd5 Ne7 25. c4 bxc4 26. Bxc4 Rc7 27. Ba2
f5 28. Bg3 g5 29. Bxe5 Bxd5 30. Rxd5 1-0

[Event "Mistrzostwa Polski Juniorow do lat 18 - Dziewczeta"]
[Site "Szklarska Poreba"]
[Date "1899-12-30"]
[Round "1.10"]
[White "Sawa, Daria"]
[Black "Vanduyfhuys, Daria"]
[Result "0-1"]
[WhiteTitle "I"]
[BlackTitle "WCM"]
[WhiteElo "1558"]
[BlackElo "2023"]

1. e4 c5 2. Nf3 Nc6 3. d4 cxd4 4. Nxd4 Nf6 5. Nc3 e5 6. Ndb5 d6 7. Bg5 a6 8. Na3
b5 9. Nd5 Be7 10. Bxf6 Bxf6 11. c3 O-O 12. Nc2 Be6 13. Nxf6+ Qxf6 14. Qxd6 Na5
15. Ne3 Rfd8 16. Qc7 Nc4 17. Bxc4 bxc4 18. O-O Rab8 19. Rad1 Rdc8 20. Qa5 Rxb2
21. Qxa6 Rbb8 22. Rd6 Ra8 23. Qb5 Rxa2 24. Nd5 Qg5 25. Qb7 Rca8 26. Rd1 h6 27.
Ne3 Qh4 28. R6d2 Kh7 29. Qb1 R2a3 30. Qc2 Qe7 31. Nf5 Qc5 32. Rd8 Ra2 0-1

[Event "Mistrzostwa Polski Juniorow do lat 18 - Dziewczeta"]
[Site "Szklarska Poreba"]
[Date "1899-12-30"]
[Round "1.11"]
[White "Kulpa, Zuzanna"]
[Black "Zalucka, Emilia"]
[Result "1-0"]
[WhiteTitle "k"]
[BlackTitle "I"]
[WhiteElo "1955"]
[BlackElo "1512"]

1. e4 e5 2. Nf3 Nc6 3. Bb5 a6 4. Ba4 Nf6 5. O-O b5 6. Bb3 Be7 7. d3 O-O 8. Nc3
d6 9. a3 Bg4 10. Be3 Nd4 11. Bxd4 exd4 12. Nd5 Nxd5 13. Bxd5 Rb8 14. h3 Bxf3 15.
Qxf3 Qd7 16. Bb3 a5 17. a4 b4 18. Qg3 c6 19. Rae1 Bd8 20. f4 Bc7 21. Qf3 Rbe8
22. f5 Qe7 23. g4 Qh4 24. Re2 d5 25. Rg2 dxe4 26. dxe4 Qg5 27. Re2 Be5 28. Qd3
Rc8 29. Qa6 Qd8 30. Rg2 Qg5 31. Bxf7+ Kh8 32. Re2 c5 33. Be6 Ra8 34. Qc4 Qe7 35.
Qd5 Qc7 36. Qc4 Bf4 37. Rg2 Be3+ 38. Kh1 Qe7 39. Qd3 Qg5 40. Bd5 Rab8 41. Qe2
Qf6 42. Qe1 g5 43. Qg3 Bf4 44. Rxf4 gxf4 45. Qxf4 Rbe8 46. g5 Qe5 47. g6 Rg8 48.
Qh4 Rg7 49. f6 1-0

[Event "Mistrzostwa Polski Juniorow do lat 18 - Dziewczeta"]
[Site "Szklarska Poreba"]
[Date "1899-12-30"]
[Round "1.12"]
[White "Jedras, Adrianna"]
[Black "Skiba, Aleksandra"]
[Result "0-1"]
[WhiteTitle "I"]
[BlackTitle "k"]
[WhiteElo "1440"]
[BlackElo "1923"]

1. e4 c5 2. Nf3 Nc6 3. d4 cxd4 4. Nxd4 e5 5. Nb5 d6 6. N1c3 a6 7. Na3 b5 8. Nd5
Nge7 9. Bg5 h6 10. Bxb5 hxg5 11. Nxe7 axb5 12. Nxc6 Qb6 13. Nb4 Rh4 14. Qd3 Qc5
15. c3 Be6 16. Nd5 f5 17. Qxb5+ Qxb5 18. Nxb5 Rxe4+ 19. Kd2 O-O-O 20. Nb4 Kb7
21. Rae1 Rxe1 22. Rxe1 Kb6 23. Na3 g4 24. Nac2 g6 25. a4 Bh6+ 26. Ne3 Ra8 27.
Ra1 Bb3 28. Ke2 Rxa4 29. Rxa4 Bxa4 30. Ned5+ Kc5 31. Ne3 Bb5+ 32. Nd3+ Kc6 33.
c4 Ba4 34. b4 e4 35. Nb2 Bb3 36. Ned1 d5 37. cxd5+ Bxd5 38. Nc3 Bf7 39. b5+ Kb6
40. Nba4+ Ka5 41. b6 Bc4+ 42. Ke1 Ka6 43. Nb2 Bf7 44. Nba4 Bg7 45. Ke2 Bd4 46.
Nb1 Bc4+ 47. Ke1 Kb7 48. Nbc3 Kc6 49. Nd1 Bb5 50. Nac3 Ba6 51. Ne2 Bxb6 52. Ne3
Bc7 53. Nd4+ Kd6 54. f3 gxf3 55. gxf3 Ke5 56. Nec2 Ba5+ 57. Kd1 Kf4 58. fxe4 Kxe4
59. Nc6 Bc7 60. Ne7 g5 61. Nb4 Bc4 62. Nbc6 Bxh2 63. Ke1 Bg3+ 64. Kd2 f4 65. Na5
Be6 66. Ke2 f3+ 67. Kf1 Bh3+ 68. Kg1 f2+ 69. Kh1 f1=R# 0-1

[Event "Mistrzostwa Polski Juniorow do lat 18 - Dziewczeta"]
[Site "Szklarska Poreba"]
[Date "1899-12-30"]
[Round "1.13"]
[White "Furtak, Joanna"]
[Black "Chomicka, Kinga"]
[Result "1/2-1/2"]
[WhiteTitle "k"]
[BlackTitle "I+"]
[WhiteElo "1922"]
[BlackElo "1439"]

1. e4 e5 2. Nf3 Nc6 3. Bb5 a6 4. Ba4 Nf6 5. d3 b5 6. Bb3 Bd6 7. c3 O-O 8. Nbd2
Bb7 9. Nf1 Na5 10. Bc2 c5 11. Ng3 Re8 12. Nf5 Bf8 13. O-O d5 14. Qe2 c4 15. dxc4
dxe4 16. Nd2 Qc8 17. Ne3 Nxc4 18. Nexc4 bxc4 19. Nxc4 Qc7 20. Re1 Bc5 21. Bg5
Re6 22. Nd2 h6 23. Bh4 e3 24. fxe3 Nd5 25. Bf2 Rd8 26. Ne4 Ba7 27. Ng3 Rf6 28.
Qg4 Bc8 29. Qe4 Rg6 30. Rad1 Bb7 31. Qd3 Rdd6 32. Qe2 Rgf6 33. Ne4 Rxf2 34. Nxf2
Nxe3 35. Rxd6 Qxd6 36. Be4 Bxe4 37. Nxe4 Qg6 38. Ng3 Ng4+ 39. Kh1 Nf2+ 40. Kg1
Nd3+ 41. Kh1 Nxe1 42. Qxe1 Qc2 43. Qe2 Qxe2 44. Nxe2 f5 45. g3 Kf7 46. Kg2 Ke6
47. h4 g5 48. hxg5 hxg5 49. g4 f4 50. Kf3 Kd5 51. c4+ Kxc4 52. Ke4 Bd4 53. b3+
Kb4 54. Kf5 Be3 55. Ke4 Ka3 56. Nc3 Bd4 57. Nd5 Kxa2 58. Nb4+ Kxb3 59. Nxa6 Bb6
60. Nb8 Kc3 61. Nd7 Bc7 62. Nc5 Bd6 63. Ne6 Be7 64. Ng7 Kd2 65. Nf5 Bf6 66. Kf3
Kd3 67. Nd6 Be7 68. Ne4 Kd4 69. Nf2 Ke4+ 70. Kxe4 1/2-1/2

[Event "Mistrzostwa Polski Juniorow do lat 18 - Dziewczeta"]
[Site "Szklarska Poreba"]
[Date "1899-12-30"]
[Round "1.14"]
[White "Repec, Julia"]
[Black "Jarocka, Liwia"]
[Result "0-1"]
[WhiteTitle "I"]
[BlackTitle "FM"]
[WhiteElo "1405"]
[BlackElo "1919"]

1. c4 c5 2. Nc3 Nc6 3. g3 g6 4. Bg2 Bg7 5. d3 d6 6. e4 Rb8 7. Nge2 h5 8. h4 Nf6
9. O-O O-O 10. Be3 Ng4 11. Qd2 Nxe3 12. Qxe3 a6 13. Rab1 b5 14. b3 Nd4 15. Qc1
Bg4 16. Nxd4 Bxd4 17. Qd2 bxc4 18. dxc4 Qa5 19. Rbc1 Kg7 20. Nb1 Qxd2 21. Nxd2
f5 22. Nf3 Bb2 23. Rc2 Bf6 24. Nh2 f4 25. Nf3 a5 26. Re1 Bxf3 27. Bxf3 fxg3 28.
fxg3 Bxh4 29. gxh4 Rxf3 30. e5 Rg3+ 31. Kh2 Rg4 32. Kh3 Rf8 33. exd6 Rf3+ 34.
Kh2 exd6 35. Re7+ Kf6 36. Rce2 Rxh4+ 37. Kg2 Rd3 38. Ra7 Rg4+ 39. Kf1 Rd1+ 40.
Kf2 h4 41. Rxa5 h3 42. Kf3 Rdg1 43. Ra8 R1g3+ 44. Kf2 Rg2+ 45. Kf3 R4g3+ 46. Kf4
g5+ 47. Ke4 Rxe2+ 0-1

[Event "Mistrzostwa Polski Juniorow do lat 18 - Dziewczeta"]
[Site "Szklarska Poreba"]
[Date "1899-12-30"]
[Round "1.15"]
[White "Raczykowska, Paulina"]
[Black "Drob, Julia"]
[Result "1-0"]
[WhiteTitle "k"]
[BlackTitle "I"]
[WhiteElo "1899"]
[BlackElo "1387"]

1. e4 c5 2. Nf3 d6 3. d4 cxd4 4. Nxd4 Nf6 5. Nc3 g6 6. Be2 Bg7 7. O-O Nc6 8. Nb3
O-O 9. Bg5 a5 10. a4 Be6 11. Re1 Qb6 12. Nd5 Bxd5 13. exd5 Nb4 14. Bf3 Rfe8 15.
c3 Na6 16. h3 Nc5 17. Nxc5 Qxc5 18. Qd2 b5 19. axb5 Qxb5 20. Re2 a4 21. Rae1 Qb7
22. c4 Qc7 23. Qc2 h6 24. Bd2 Kh7 25. h4 a3 26. bxa3 Rxa3 27. Bb4 Ra7 28. h5 Qb6
29. Bc3 Rea8 30. hxg6+ fxg6 31. Rxe7 Ra2 32. Bxf6 Rxc2 33. Rxg7+ Kh8 34. Rxg6+
Kh7 35. Rg7+ Kh8 36. Rb7+ 1-0

[Event "Mistrzostwa Polski Juniorow do lat 18 - Dziewczeta"]
[Site "Szklarska Poreba"]
[Date "1899-12-30"]
[Round "1.16"]
[White "Zygmunt, Magdalena"]
[Black "Swiech, Joanna"]
[Result "0-1"]
[WhiteTitle "I"]
[BlackTitle "k+"]
[WhiteElo "1256"]
[BlackElo "1838"]

1. e4 e5 2. Nf3 Nc6 3. Bc4 Nf6 4. O-O Be7 5. c3 d6 6. d3 O-O 7. h3 Na5 8. Bb5 a6
9. Ba4 b5 10. Bc2 c5 11. d4 cxd4 12. cxd4 Nd7 13. b4 Nc6 14. a3 exd4 15. Bb2 Bf6
16. Qd3 Nde5 17. Nxe5 dxe5 18. f4 Be6 19. Nd2 Qb6 20. Kh1 a5 21. f5 Bc8 22. bxa5
Nxa5 23. g4 Nc4 24. Rfb1 Ba6 25. Nf3 Qd8 26. Bc1 h6 27. Bb3 Nb6 28. h4 Bxh4 29.
Nxe5 Bf6 30. Nc6 Qd6 31. Nb4 Bb7 32. Kg1 Rfe8 33. Qxb5 Qg3+ 34. Kf1 Rxe4 35. Bxh6
Re1+ 36. Rxe1 Qg2# 0-1

[Event "Mistrzostwa Polski Juniorow do lat 18 - Dziewczeta"]
[Site "Szklarska Poreba"]
[Date "1899-12-30"]
[Round "1.17"]
[White "Michalska, Aleksandra"]
[Black "Zygmunt, Patrycja"]
[Result "1-0"]
[WhiteTitle "I++"]
[BlackTitle "I"]
[WhiteElo "1825"]
[BlackElo "1230"]

1. e4 e5 2. Nf3 Nc6 3. Nc3 Nf6 4. Bb5 Bb4 5. O-O O-O 6. d3 d6 7. Bg5 Bxc3 8. bxc3
Bg4 9. Re1 h6 10. Bc1 Ne7 11. h3 Bh5 12. d4 c6 13. Bf1 Qa5 14. Bd2 Qa4 15. c4
Bxf3 16. Qxf3 Qxc2 17. Bxh6 Ng6 18. Bg5 exd4 19. Bxf6 gxf6 20. Rec1 Qd2 21. Qxf6
Qf4 22. Qxd4 Rfe8 23. Re1 Re6 24. Rad1 Ne5 25. Qe3 Qxe3 26. Rxe3 Rg6 27. f4 Nd7
28. e5 Re6 29. Be2 Nf6 30. Rxd6 Rxd6 31. exd6 Rd8 32. c5 Nd5 33. Rg3+ Kh7 34.
Bc4 Nxf4 35. Rf3 Ng6 36. Rxf7+ 1-0

[Event "Mistrzostwa Polski Juniorow do lat 18 - Dziewczeta"]
[Site "Szklarska Poreba"]
[Date "1899-12-30"]
[Round "1.18"]
[White "Taranowicz, Zofia"]
[Black "Filipska, Maja"]
[Result "0-1"]
[WhiteTitle "I"]
[BlackTitle "I++"]
[WhiteElo "1185"]
[BlackElo "1800"]

1. d4 Nf6 2. Nf3 g6 3. Bf4 Bg7 4. h3 O-O 5. e3 d6 6. Be2 c5 7. c3 Qb6 8. Qc1 Bf5
9. Nbd2 cxd4 10. exd4 Nc6 11. O-O Rac8 12. Nc4 Qd8 13. Bh2 Be4 14. Qd1 Nd7 15.
Re1 Bxf3 16. Bxf3 Nxd4 17. cxd4 Rxc4 18. Bxb7 Rxd4 19. Qe2 e6 20. Qa6 Nc5 21.
Qb5 Qb8 22. Bc6 Qxb5 23. Bxb5 Rb8 24. Be2 Rxb2 25. Rac1 Rxa2 26. Bxd6 Rxd6 27.
Rxc5 Rdd2 28. Kf1 Bd4 29. Rc7 Bb6 30. Rb7 Rdc2 31. Rb8+ Kg7 32. Rb7 Ba5 0-1

[Event "Mistrzostwa Polski Juniorow do lat 18 - Dziewczeta"]
[Site "Szklarska Poreba"]
[Date "1899-12-30"]
[Round "1.19"]
[White "Sivickis, Wiktoria"]
[Black "Sloniec, Natalia"]
[Result "1-0"]
[WhiteTitle "I++"]
[BlackTitle "II+"]
[WhiteElo "1775"]
[BlackElo "1124"]

1. Nf3 d5 2. e3 Nf6 3. Be2 c6 4. O-O Bf5 5. d4 e6 6. c4 Be7 7. Nc3 O-O 8. Qb3 Qc7
9. Bd2 Nbd7 10. Rac1 h6 11. cxd5 exd5 12. Nxd5 Nxd5 13. Qxd5 Be6 14. Qe4 Nf6 15.
Qb1 Bd5 16. Ne5 Bd6 17. f4 Ne4 18. Be1 Qe7 19. Bd3 f6 20. Bxe4 Bxe5 21. Bxd5+
cxd5 22. dxe5 fxe5 23. Qd3 Qd6 24. Bc3 exf4 25. Qd4 Rf6 26. Rxf4 Rg6 27. Rcf1
Rd8 28. Qe5 Qd7 29. Qf5 Qe8 30. Qf7+ Qxf7 31. Rxf7 Rb8 32. Rd7 Rg5 33. Rff7 a6
34. Rxg7+ Rxg7 35. Bxg7 h5 36. Be5 Re8 37. Bf4 b5 38. Rxd5 h4 39. Rh5 Rc8 40.
Be5 Rc4 41. Bd4 Kf7 42. Rxh4 Ke6 43. g4 Kf7 44. Rh6 a5 45. g5 Rc8 46. g6+ Ke6
47. g7+ Kf7 48. Rf6+ 1-0

[Event "Mistrzostwa Polski Juniorow do lat 18 - Dziewczeta"]
[Site "Szklarska Poreba"]
[Date "1899-12-30"]
[Round "2.1"]
[White "Skiba, Aleksandra"]
[Black "Waszczuk, Patrycja"]
[Result "0-1"]
[WhiteTitle "k"]
[BlackTitle "WFM"]
[WhiteElo "1923"]
[BlackElo "2271"]

1. d4 g6 2. c4 Bg7 3. Nc3 Nf6 4. e4 d6 5. Nf3 O-O 6. Be2 c6 7. O-O Nbd7 8. Qc2
Qc7 9. Rb1 a5 10. b3 Re8 11. a3 e5 12. d5 cxd5 13. Nb5 Qb8 14. cxd5 Nc5 15. b4
Ncxe4 16. Nc7 Bf5 17. Nxe8 Qxe8 18. Nh4 Rc8 19. Qb2 Bd7 20. Be3 Nc3 21. Rbc1 axb4
22. axb4 Nfxd5 23. Rfe1 e4 24. Qd2 Nxe3 25. Qxe3 Bd4 26. Rxc3 Bxe3 27. Rxe3 d5
28. g3 d4 29. Ra3 Qe7 30. Rb3 Be6 31. Rb2 d3 32. Bf1 Qf6 33. Rd2 Rc2 0-1

[Event "Mistrzostwa Polski Juniorow do lat 18 - Dziewczeta"]
[Site "Szklarska Poreba"]
[Date "1899-12-30"]
[Round "2.2"]
[White "Jarocka, Liwia"]
[Black "Kucharska, Honorata"]
[Result "0-1"]
[WhiteTitle "FM"]
[BlackTitle "WFM"]
[WhiteElo "1919"]
[BlackElo "2143"]

1. e4 e6 2. d4 d5 3. e5 c5 4. c3 Nc6 5. Nf3 Bd7 6. a3 c4 7. g3 Na5 8. Nbd2 Qb6
9. h4 O-O-O 10. Bh3 h6 11. h5 Ne7 12. O-O Kb8 13. Nh4 g5 14. Ng2 Rg8 15. Ne3 Bg7
16. a4 Nec6 17. Ng4 Rgf8 18. b4 cxb3 19. Ba3 Nxd4 20. cxd4 Qxd4 21. Bd6+ Ka8 22.
Nf3 Qb6 23. Qd4 Qxd6 24. exd6 Bxd4 25. Nxd4 e5 26. Nb5 Kb8 27. Kh2 Bxg4 28. Bxg4
f5 29. Be2 a6 30. Na3 Rxd6 31. Rad1 Rc8 32. Rd2 d4 33. Rfd1 g4 34. Kg2 Rc3 35.
Nb1 Rc5 36. f4 gxf3+ 37. Kxf3 e4+ 38. Kf4 d3 39. Bf1 Nc4 40. Bh3 Rd4 41. Rg2 e3+
42. Kf3 e2 43. Rh1 b2 44. g4 Ne5+ 45. Ke3 Re4+ 46. Kd2 Rc2+ 0-1

[Event "Mistrzostwa Polski Juniorow do lat 18 - Dziewczeta"]
[Site "Szklarska Poreba"]
[Date "1899-12-30"]
[Round "2.3"]
[White "Harazinska, Magdalena"]
[Black "Kulpa, Zuzanna"]
[Result "1-0"]
[WhiteTitle "WFM"]
[BlackTitle "k"]
[WhiteElo "2099"]
[BlackElo "1955"]

1. d4 Nf6 2. c4 e6 3. Nf3 Bb4+ 4. Nbd2 d5 5. Qa4+ Nc6 6. a3 Bxd2+ 7. Bxd2 Ne4 8.
e3 O-O 9. Bd3 Nb8 10. Qc2 f5 11. O-O Nd7 12. Rac1 c6 13. Ne5 Rf6 14. f3 Nxd2 15.
Qxd2 Rh6 16. Nxd7 Bxd7 17. g3 Qg5 18. Rc2 Rf6 19. e4 Qxd2 20. Rxd2 fxe4 21. fxe4
Rxf1+ 22. Kxf1 Re8 23. Kf2 Kf7 24. Ke3 Re7 25. Rc2 Be8 26. h4 Kg8 27. cxd5 exd5
28. e5 Bd7 29. Rf2 Be6 30. b4 g6 31. Rf6 Kg7 32. Be2 Bd7 33. g4 Be6 34. Kf4 Rf7
35. g5 h5 36. gxh6+ Kxh6 37. Rxf7 Bxf7 38. Bg4 Be8 39. e6 b6 40. Bf3 a5 41. bxa5
bxa5 42. Be2 Kh7 43. Ke5 Kg7 44. Bf3 Kf8 45. Kf6 a4 46. Bg2 c5 47. e7+ 1-0

[Event "Mistrzostwa Polski Juniorow do lat 18 - Dziewczeta"]
[Site "Szklarska Poreba"]
[Date "1899-12-30"]
[Round "2.4"]
[White "Swiech, Joanna"]
[Black "Kalinowska, Zuzanna"]
[Result "1/2-1/2"]
[WhiteTitle "k+"]
[BlackTitle "WFM"]
[WhiteElo "1838"]
[BlackElo "2089"]

1. d4 Nf6 2. Bg5 e6 3. e4 h6 4. Bxf6 Qxf6 5. Nc3 g6 6. Qd2 Bg7 7. O-O-O O-O 8.
f4 d6 9. g4 Nc6 10. e5 Qh4 11. h3 Rd8 12. Qe3 dxe5 13. dxe5 Rxd1+ 14. Nxd1 Bd7
15. Bg2 Rd8 16. Nf3 Qe7 17. Nc3 Bc8 18. a3 a6 19. Rd1 Rxd1+ 20. Nxd1 Bf8 21. Nd2
Bd7 22. Ne4 Kh8 23. Kb1 Nd8 24. Nf6 Bc6 25. Bxc6 Nxc6 26. Nf2 Qd8 27. Qd3 Bc5
28. Qxd8+ Nxd8 29. Nd3 Be3 30. Ne4 b6 31. Ng3 g5 32. fxg5 Bxg5 33. c3 Nc6 34.
Kc2 Kg7 35. Ne2 Be3 36. Nb4 Nxe5 37. Nxa6 c5 38. b4 f5 39. gxf5 exf5 40. Ng3 Kf6
41. Nc7 f4 42. Nf1 Kf5 43. a4 cxb4 44. cxb4 Ke4 45. a5 bxa5 46. bxa5 Nc6 47. a6
Nb4+ 48. Kc3 Nxa6 49. Nxa6 Kf3 50. Kd3 Kg2 51. Nxe3+ fxe3 52. Kxe3 Kxh3 1/2-1/2

[Event "Mistrzostwa Polski Juniorow do lat 18 - Dziewczeta"]
[Site "Szklarska Poreba"]
[Date "1899-12-30"]
[Round "2.5"]
[White "Rudzinska, Michalina"]
[Black "Raczykowska, Paulina"]
[Result "1-0"]
[WhiteTitle "WFM"]
[BlackTitle "k"]
[WhiteElo "2083"]
[BlackElo "1899"]

1. e4 e5 2. Nf3 Nf6 3. d4 Nxe4 4. dxe5 d5 5. Nbd2 Nxd2 6. Qxd2 Be7 7. Qf4 O-O 8.
Bd3 f6 9. O-O fxe5 10. Qxe5 Qd6 11. Qh5 g6 12. Qh6 Nc6 13. Re1 Bf5 14. Bg5 Bxg5
15. Nxg5 Qd7 16. Rad1 Nd4 17. Bf1 Ne6 18. Rxd5 Qg7 19. Qxg7+ Nxg7 20. Rc5 h6 21.
Bc4+ Kh8 22. Nf7+ Kh7 23. Rxc7 Rfe8 24. Rxe8 Rxe8 25. Nd6 Re1+ 26. Bf1 Kg8 27.
f3 Ne8 28. Nxe8 Rxe8 29. Rxb7 Bxc2 30. Rxa7 Re1 31. Kf2 Rb1 32. Rb7 1-0